| 000 | 00464nam a22001457a 4500 | ||
|---|---|---|---|
| 082 | _aT-54 | ||
| 100 |
_aMunawwar Ghani _948392 |
||
| 245 |
_aEvaluation of existing short and medium span pre-stressed bridghes with a view of suggesting an economical I-girder design _cMunawwar Ghani |
||
| 260 |
_aRisalpur _bMCE, NUST |
||
| 300 |
_ap160.: _bill,; _c30 cm. |
||
| 526 |
_a0 _b0 _c0 _dT_54 |
||
| 650 |
_aThesis _934811 |
||
| 700 |
_aGulfam Alam _947770 |
||
| 942 |
_2ddc _cBK |
||
| 999 |
_c551356 _d551356 |
||